| 000 | 01084cam a2200361ua 4500 | ||
|---|---|---|---|
| 003 | OSt | ||
| 008 | 210915b ||||| |||| 00| 0 eng d | ||
| 082 |
_a581.1 _bPAN/PL |
||
| 100 |
_aPandey, S N . _95036 |
||
| 245 | _aPlant physiology / | ||
| 250 | _a1 / | ||
| 260 |
_aNew Delhi : _bVani Educational Books , _c1986. |
||
| 300 | _a595 ; . | ||
| 650 |
_aAbsorption of water _95037 |
||
| 650 |
_aAscent of sap _95038 |
||
| 650 |
_aBiology of dormancy _95039 |
||
| 650 |
_aBio-physico-chemical phenomena _95040 |
||
| 650 |
_aElementary Biochemistry _95041 |
||
| 650 |
_aHeterotrophic Plants _95042 |
||
| 650 |
_aMetabolisms _95043 |
||
| 650 |
_aMineral Nutrition _95044 |
||
| 650 |
_aMineral Salt absorption _95045 |
||
| 650 |
_aPhotoperiodism and vernalisation _95046 |
||
| 650 |
_aPhotorespiration _95047 |
||
| 650 |
_aPhotosynthesis _95048 |
||
| 650 |
_aRespiration _95049 |
||
| 650 |
_aThe Cell _95050 |
||
| 650 |
_aThe Enzymes _95051 |
||
| 650 |
_aTranslocation of solutes _95052 |
||
| 650 |
_aTranspiration _95053 |
||
| 700 | 1 |
_aSinha, B K . _95054 |
|
| 942 | _cBK | ||
| 999 |
_c7352 _d7352 |
||